| 000 | 00680nam a2200229Ia 4500 | ||
|---|---|---|---|
| 003 | GCL | ||
| 005 | 20240530103559.0 | ||
| 008 | 140319s9999 xx 000 0 ara d | ||
| 040 |
_aGCL / _cGCL |
||
| 082 | 0 | 4 |
_a320.5 _bب ر |
| 100 | 1 | _a برديائف، نيقولا | |
| 245 | 1 | 0 |
_aرؤية دوستويفسكى للعالم / _c برديائف، نيقولا ؛ فؤاد كامل |
| 300 | _a196 ص | ||
| 490 |
_aسلسلة المائة كتاب _v0 |
||
| 650 | 0 | 4 | _aالاشتراكية |
| 650 | 0 | 4 | _aالسياسة |
| 650 | 0 | 4 | _aروسيا |
| 650 | 0 | 4 | _aالمسيح |
| 650 | 0 | 4 | _aدوستويفسكى |
| 700 | 1 | _aفؤاد كامل (مترجم) | |
| 942 |
_2ddc _cBK |
||
| 999 |
_c40871 _d40871 |
||